Представление документа в формате RUSMARC

ПолеНазваниеЗначение
  Тип записи c
  Библиографический уровень m
001 Контрольный номер UONB/MAIN/3b18409a02c94bf0bdbbb9e281fc57e3
005 Дата корректировки 20251205103158.0
010 Индекс ISBN __
d Цена 50 к.
9 Тираж 25000 экз.
071 Издательские номер (звукозапись и ноты) 21
a Номер, присвоенный агентством 12297
100 Данные общей обработки __
a Данные общей обработки 20220511b1982 m##y0rusy0189 ca
101 Язык документа 0_
a Язык текста rus
f Язык титульного листа rus
102 Страна публикации __
a Страна публикации RU
125 Кодированные данные звукозаписи и нотных изданий __
a Форма изложения нотного текста a
128 Кодированные данные (звукозаписи-физические характеристики) __
a Кодированные данные: Музыкальная форма и тональность или лад ai
c Инструменты или голоса, рекомендуемые для солистов (устаревшее) vu
200 Заглавие и сведения об ответственности 1_
a Заглавие Вып. 89
f Первые сведения об ответственности перелож. для вокал.-инструм. ансамбля С. Маги
208 Область специфических сведений: ноты __
a Форма изложения нотного текста Партитура
210 Выходные данные 1_
d Дата издания 1982
215 Физическое описание __
d Формат 22 см
a Объем 66 с.
327 Примечание о содержании 11
a Примечание о содержании Содерж. : Зацарный Ю. Дороги юности / сл. И. Дремова. - Дубравин Я. Праздник любви / сл. М. Рябинина. - Мартынов Е. Если есть любовь / сл. М. Пляцковского. - Газарян В. Жар-птица / сл. Г. Георгиева. - Саульский Ю. Не забывай / сл. Л. Завальнюка. - Комаров В. Дискотека и флейта / сл. Ю. Гусинского. - Якушенко И. Не люблю прощания / сл. В. Харитонова. - Пономаренко Г. Тополиная метель / сл. В. Дюнина.
461 Уровень набора _0
1 2001
a Поем и танцуем
b Ноты
v Вып. 89
1 2101
a М.
c Музыка
d 1965 -
1 001UONB/MAIN/4fde9fb1b77a4474bcd01598adf6aca3
464 Аналитический уровень _0
1 700 1
a Зацарный
b Ю.
1 2001
a Дороги юности
e Наши деды громили в боях интервентов...
1 702 1
a Дремов
b И.
4 520
464 Аналитический уровень _0
1 700 1
b Дубравин
a Я.
1 2001
a Праздник любви
e Праздники бывают разные...
1 702 1
a Рябинин
b М.
4 520
464 Аналитический уровень _0
1 700 1
a Мартынов
b Е.
1 2001
a Если есть любовь
e Неужели вдруг один из нас забудет...
1 702 1
a Пляцковский
b М.
4 520
464 Аналитический уровень _0
1 700 1
a Газарян
b В.
1 2001
a Жар-птица
e Осень сказочна. Оглядись...
1 702 1
a Георгиев
b Г.
4 520
464 Аналитический уровень _0
1 700 1
a Саульский
b Ю.
1 2001
a Не забывай
e Ты говорил: "Разлуки нет!.."...
1 702 1
a Завальнюк
b Л.
4 520
464 Аналитический уровень _0
1 700 1
a Комаров
b В.
1 2001
a Дискотека и флейта
e Дискотека! Дискотека!..
1 702 1
a Гусинский
b Ю.
4 520
464 Аналитический уровень _0
1 700 1
a Якушенко
b И.
1 2001
a Не люблю прощания
e Клинья журавлей в просини...
1 702 1
a Харитонов
b В.
4 520
464 Аналитический уровень _0
1 700 1
a Пономаренко
b Г.
1 2001
a Тополиная метель
e Возле рощи тополиной...
1 702 1
a Дюнин
b В.
4 520
512 Заглавие обложки 1_
a Заглавие обложки Поем и танцуем
606 Тематические рубрики 0_
a Основная рубрика Вокально-инструментальные ансамбли
x Основная подрубрика Песни советских композиторов
x Основная подрубрика Лирические песни
x Основная подрубрика Эстрадные песни советских композиторов
610 Ключевые слова 0_
a Ключевые слова эстрадные песни; танцевальная музыка; лирические песни; песни советских композиторов; вокально-инструментальные ансамбли
686 Индексы других классификаций __
2 Код системы rubbk
a Классификационный индекс 85.942.8-09я43П
702 Вторичная интеллектуальная ответственность _1
a Фамилия Мага
b Имя (инициалы) С.
4 Код отношения 030
801 Источник записи _0
a Страна RU
b Организация Ульяновская ОНБ
c Дата составления 20220511
g Правила каталогизации RCR
801 Источник записи _1
a Страна RU
b Организация Ульяновская ОНБ
c Дата составления 20220511
g Правила каталогизации RCR
901 Тип документа __
t Тип документа n
w Контрольный № источника UONB/MAIN/4fde9fb1b77a4474bcd01598adf6aca3
909 Создатель записи __
a Создатель записи Никитина Т. А.